Spisy Sv. 6 Leden 1902-srpen 1903
Uložené v:
| Hlavný autor: | |
|---|---|
| Médium: | Kniha |
| Jazyk: | Czech Russian |
| Vydané: |
Praha :
Státní nakladatelství politické literatury,
1953.
|
| Vydanie: | 1. autoriz. vyd. |
| ISBN: |
(viaz.) |
| Fyzický popis: |
567 s. |
| Tagy: |
Pridať tag
Žiadne tagy, Buďte prvý kto otaguje tento záznam!
|
Titul je dostupný aj v ... 

MARC
| LEADER | 00000nam a2200000 a 4500 | ||
|---|---|---|---|
| 001 | 000219321 | ||
| 005 | 20100116155717.0 | ||
| 008 | 040101s1953 xr e cze d | ||
| 020 | |a (viaz.) | ||
| 040 | |a SVKKK |b slo |c SVKKK |e AACR2 | ||
| 041 | 1 | |a cze |h rus | |
| 100 | 1 | |a Lenin, Vladimir Il´jič, |d 1870-1924 |4 aut | |
| 245 | 1 | 0 | |a Spisy |n Sv. 6 |p Leden 1902-srpen 1903 |c V. I. Lenin. |
| 250 | |a 1. autoriz. vyd. | ||
| 260 | |a Praha : |b Státní nakladatelství politické literatury, |c 1953. | ||
| 300 | |a 567 s. | ||
| 910 | |a svkkk | ||
| 998 | |a BK | ||
| 090 | |g SCKHL |k Sklad Pribinova 2. posch. |a II.15587 |j 30405 |i B178829 |s Prezenčne | ||
| 090 | |g SCKHL |k Sklad Pribinova 2. posch. |a II.54115 |j 54115 |i B178830 |s Prezenčne | ||
| 090 | |g SCKHL |k Sklad Pribinova 2. posch. |a III.29098 |j 119539 |i B178832 |4 Vyradená |s Vyradená | ||
| 090 | |g SCKHL |k Sklad Pribinova 2. posch. |a III.29601 |j 145368 |i 2720314308 |s Prezenčne | ||